000 00296nam a2200133Ia 4500
100 _aSteinmetz/Ralf/ Nahrstedt/Klara
942 _cBK
654 _amultimedia
245 _aMultimediaLComputing
260 _bPearson Education
_c2002
082 _a4.65
_bSTE
300 _a544
546 _aENGLISH
999 _c29861
_d29861